Kształty państw do góry nogami #10 - Statystyki

Ogólne statystyki
  • Ten quiz został rozwiązany 135 razy
  • Średni wynik to 8 z 14
Statystyki odpowiedzi
Obrazkowy Odpowiedź % Poprawnych
Chiny
91%
Rumunia
87%
Izrael
84%
Monako
78%
Benin
76%
Litwa
71%
Angola
66%
Gruzja
66%
Gujana
51%
Kenia
48%
Antigua i Barbuda
34%
Eswatini
25%
Republika Zielonego Przylądka
24%
Tuvalu
22%
Nie znaleziono quizów pasujących do podanych kryteriów
Rozkład punktacji
Procent ludzi z każdym wynikiem
Percentyl według liczby udzielonych odpowiedzi
Twoja historia wyników
Nie rozwiązałeś tego quizu